000 00688nam a22001817a 4500
003 OSt
005 20251001022313.0
008 251001b |||||||| |||| 00| 0 eng d
020 _a9781599953663
040 _aDWC-Main Lib.
_cOC
100 _aMAXWELL , JOHN C.
245 _aThe 15 invaluable laws of growth :
_blive them and reach your potential/
_cMAXWELL , JOHN C.
260 _aNew York :
_bCenter Street,
_cc2015.
300 _axiv, 265 pages :
_billustrations ;
_c21 cm.
504 _aIncludes bibliographical references.
650 _a1. Self-actualization (Psychology). 2. Self-consciousness (Awareness). 3. Self-perception. I. Title.
942 _2ddc
_cBK-CIRC
_hCirc.
_n0
999 _c4580
_d4580